1495 1516 1081 1181 1761 1032 1126 1702 1835 1382 1038 1490 1753 1099 1794 1572 1855 1651 1922 1740 1767 1869 1303 1222 1048 1534 1689 1956 1332 1664 1003 1415 1325 1795 1898 1931 1306 1557 1369 1746 1384 1506 1305 1515 1516 1763 1416 1378 1243 1989 1706 1805 1718 1621 1141 1506 1647 1599 1473 1589 1293 1508 1529 1451 1057 1912 1358 1776 1078 1162 1763 1745 1680 1362 1457 1141 1303 1461 1534 1603 1350 1355 1231 1784 1528 1528 1615 1701 1617 1448 1014 1825 1238 1149 1197 1364 1266 1255 1851 BCNSPRNW ULIB Ver.6.0+V

เปลี่ยนเป็นภาษาไทย

Change to English
 แสดงรายละเอียดบรรณานุกรม
  กลับหน้าหลัก

Brief Record : Get Marc (ISO 2709) : E-mail record : QR code < ปิดหน้าต่าง
LEADER : 00000nam 2200000uu 4500
001    13399123174
003     ULIB
008    140520s2549||||th 000 0 tha d
020    ^a9789749476433
090    ^aนว.^bร387ล
100 0  ^aรัมย์
245 00 ^aลิขิตหัวใจในสวนรัก/^cรัมย์
250    ^aพิมพ์ครั้งที่ 1
260    ^aกรุงเทพฯ :^b1168 พับลิชชิ่ง,^c2549
300    ^a364 หน้า
710 1  ^a1168 พับลิชชิ่ง
945    ^p219^l0^i20322
995    ^aทศพร
999    ^aทศพร เกษรทอง
รายการนี้ยังไม่มีแท็ก
คุณยังไม่ได้ล็อกอิน คุณสามารถมีกิจกรรมร่วมกับเว็บไซต์ได้ แต่ต้องล็อกอินก่อน ::
  ล็อกอิน

รายการสื่อสารสนเทศ

ลำดับที่ ประเภท เลขเรียก/บาร์โค้ด สถานที่ สถานะ
1. นวนิยาย
นวนิยาย
นว. ร387ล ฉ.1 
  Barcode: 20322
ห้องสมุดวิทยาเขตนครสวรรค์
►นวนิยาย:l:Fiction
บนชั้น

รายการใกล้เคียง
    ผู้แต่ง [รัมย์]

BibComment


ยังไม่เคยถูกคอมเมนท์

คอมเมนท์ทรัพยากรรายการนี้
  คอมเมนท์: ลิขิตหัวใจในสวนร..


 Copyright 2026. Bcnsprnw @Library